00516nam a2200193 a 4500001001300000003000900013005001700022008004100039020002300080082001900103100001600122245004700138260004000185300000900225500003500234505001300269650002400282700001600306nice12345678IN_TiNIC20260116014141.0050524s2000 newa grp 000 0 eng  a8125043 c30000a305.80954bSHA aSharma, S L aNation and National Identity in South Asia aNew Delhi bOrient Blackswan c2000 a226p aincludes index and biblioraphy2 aGlossary aSouth India Society1 aSharma, S L